000 00871cam a22002651a 4500
001 15326
003 BD-RjUL
005 20211208235807.0
008 140209r19661965enka b 001 0 eng
035 _a(BD-RjUL)15380
040 _aDLC
_cO
_dBD-RjUL
_dBD-RjUL
_dUk
_dDLC
_beng
041 _aeng
082 _a630.9
_bFUF 1966
100 1 _aFussell, G. E.
_q(George Edwin),
_d1889-
_947634
245 1 0 _aFarming technique from prehistoric to modern times /
_cby G.E. Fussell.
250 _a1st ed.
260 _aOxford ;
_aNew York :
_bPergamon Press,
_c1966, c1965.
300 _axii, 269 p. :
_bill. ;
_c20 cm.
490 0 _aThe Commonwealth and International Library, Agriculture and Forestry Division
504 _aIncludes bibliography and index.
650 0 _aAgriculture
_xHistory.
_947635
942 _2ddc
_cBK
999 _c15326
_d15326